00477nam a2200145 i 4500001000300000100001700003245008400020250003200104260002000136700002000156040000800176041000800184008004100192856009800233bg1 aKERNER, Immo 0aEinführung in der Algoritmische sprache Algol /cImmo Kerner, Gerhard Zielke. aVierte berichtigte Auflage. aLeipzig,c1970.1 aZIELKE, Gerhard cBPK apol s pl f |000 0 pol  uhttp://koha.tu.koszalin.pl/cgi-bin/koha/opac-detail.pl?biblionumber=13690yKatalog online BPK